| 000 | 00452nam a22001697a 4500 | ||
|---|---|---|---|
| 003 | NUST - PNEC | ||
| 005 | 20170116180924.0 | ||
| 008 | 150905b xxu||||| |||| 00| 0 eng d | ||
| 020 | _a8173190410 | ||
| 040 | _cLIBRARY | ||
| 082 | _a621.31042 DUB | ||
| 100 |
_97928 _aDubey, Gopal K |
||
| 245 |
_aFundamentals of electrical drives _cGopal K Dubey |
||
| 260 | _cc.1995 | ||
| 650 |
_97930 _aElectric driving _xElectrical engineering |
||
| 942 |
_2ddc _cBK |
||
| 999 |
_c65709 _d65709 |
||